Derechos humanos: Honduras a juicio por desaparecidos /
Analiza el caso de cuatro jóvenes desaparecidos en Honduras: dos costarricenses y dos hondureños, en el año de 1981. Sus familiares realizan un juicio contra el gobierno de ese país, que de perderlo deberán indemnizar a los familiares de los desaparecidos. El resultado del juicio es muy importante p...
Shranjeno v:
| Glavni avtor: | |
|---|---|
| Format: | Texto |
| Teme: | |
| Oznake: |
Označite
Brez oznak, prvi označite!
|
MARC
| LEADER | 00000 a a2200000 04500 | ||
|---|---|---|---|
| 001 | 1675 | ||
| 003 | |||
| 040 | |||
| 100 | |a Orozco Sánchez, Ana | ||
| 245 | |a Derechos humanos: |b Honduras a juicio por desaparecidos / |c Ana Orozco Sánchez | ||
| 520 | |a Analiza el caso de cuatro jóvenes desaparecidos en Honduras: dos costarricenses y dos hondureños, en el año de 1981. Sus familiares realizan un juicio contra el gobierno de ese país, que de perderlo deberán indemnizar a los familiares de los desaparecidos. El resultado del juicio es muy importante porque es la primera vez que la Corte dictaminará sobre la responsabilidad de un estado y también para salvaguardar los derechos humanos. OB/eb | ||
| 650 | |a DERECHOS HUMANOS | ||
| 650 | |a ORGANIZACIONES INTERNACIONALES | ||
| 650 | |a MIGRACION | ||
| 650 | |a VIOLENCIA | ||
| 650 | |a REPRESION | ||
| 650 | |a DESAPARECIDOS | ||
| 773 | |g número 38; páginas 16-17 | ||
| 999 | |c 26697 |d 26697 | ||
